00847nam a2200229Ia 4500008004100000020001500041040001800056041000800074100003600082245008900118250001200207260004400219300001800263490003900281490003800320500006700358504004000425505008200465650002200547650002300569650002500592130821s1989 sp gr spa  a8429709371 aCo-BoUCMbspa00aspa1 aBernal, John Desmondd1901-197110aHistoria social de la cienciacJohn D. Bernal ; traducción de Juan Ramón Capella a6a. ed. aBarcelona (España)bPenínsulac1989 a2 volúmenes 0aHistoria / Ciencia / Sociedad ;v10 0aHistoria / Ciencia / Sociedad ;v9 aEl Ejemplar 2 del V.2 donado por: Dra. Nohra Pabon. (Oct 2006) aIncluye índices y bibliografía. aV. 1 : La ciencias en la literatura.-- V. 2 : La ciencia en nuestro tiempo.--04aCienciaxHistoria04aCiencias naturales04aLiteratura y ciencia